Quizzes
Events
Quiz Creation
Community
Videos
Private Events
Remove Ads
Sign In
Join for FREE
Feedback
Dark Mode
Quiz Categories
Sports
Geography
Music
Movies
Television
Just For Fun
Miscellaneous
History
Literature
Language
Science
Gaming
Entertainment
Religion
Holiday
For Kids
Quiz Lab
Recent
Popular Today
Quiz Kudos Today
Editor Picks
Curator Picks
Quizzes by...
Day
Popularity
Type
Ratings
Length
Year
Community
Subscriptions
Recent Discussions
Orange Saloon
Badges
Playlists
Quests
Create
Leaderboards
Showdown
Live 5
Trivia Bingo
Activity
Puzzle Library
Sporcle Events
Private Events
Virtual Trivia
Globe League
Become a Host
Pub Owners
SporcleCon
Opinionation
Our Games
Videos
Blog
Mobile Apps
Partnerships
Remove Ads and Go Orange
Feedback
Music
Pop Music
The Beatles
Song
Album
Lyrics
Bands
Singers
Artist
Clip
Rock
Rap
Classical
Billboard
Country Music
Kpop
Taylor Swift
Music
Pop Music
The Beatles
Song
Album
Lyrics
Bands
Singers
Artist
Clip
Rock
Rap
Classical
Billboard
Country Music
Kpop
Taylor Swift
Random Quiz
Search Sporcle
×
Quiz Lab
Quiz Lab
Music
Era Composers
Type answers based on single images at one time
Type answers based on single images at one time
Slideshow
Best Score? Go Orange.
20th Century Composers Stats
Can you name the 20th Century Composers?
By
musicalfun
20m
58 Questions
14 Plays
14 Plays
14 Plays
Comments
Comments
Give Quiz Kudos
Give Quiz Kudos
-
- Ratings
hide this ad
Replay
Link that replays current quiz
Next Quiz
Link to next quiz in quiz playlist
You Got
0%
They Got
Avg Score
42%
Avg Friend Score
Upgrade to see
Score Distribution
Jump to the score distribution portion of the page
Score
0/58
Timer
20:00
0
Plays Today
% Correct
Claude Debussy
92.9%
Igor Stravinsky
71.4%
George Gershwin
71.4%
Leonard Bernstein
71.4%
Scott Joplin
64.3%
Ralph Vaughan Williams
64.3%
Sergei Rachmaninoff
64.3%
Arnold Schoenberg
64.3%
Carl Nielsen
57.1%
Jean Sibelius
57.1%
Erik Satie
57.1%
Maurice Ravel
57.1%
Anton Webern
57.1%
Sergei Prokofiev
57.1%
Aaron Copland
57.1%
Dmitri Shostakovich
57.1%
Arvo Pärt
57.1%
Philip Glass
57.1%
Gustav Holst
50%
Charles Ives
50%
Béla Bartók
50%
Heitor Villa-Lobos
50%
Olivier Messiaen
50%
Benjamin Britten
50%
Alban Berg
42.9%
Bohuslav Martinů
42.9%
Aram Khachaturian
42.9%
John Cage
42.9%
Ástor Piazzolla
42.9%
% Correct
Karlheinz Stockhausen
42.9%
Steve Reich
42.9%
Alexander Scriabin
35.7%
Manuel de Falla
35.7%
Francis Poulenc
35.7%
Joaquín Rodrigo
35.7%
William Walton
35.7%
Pierre Boulez
35.7%
Richard Strauss
28.6%
Enrique Granados
28.6%
Darius Milhaud
28.6%
Carl Orff
28.6%
Paul Hindemith
28.6%
Elliott Carter
28.6%
Samuel Barber
28.6%
Gian Carlo Menotti
28.6%
György Ligeti
28.6%
John Williams
28.6%
Léo Delibes
21.4%
Francesco Cilea
21.4%
Umberto Giordano
21.4%
Franz Lehár
21.4%
Max Reger
21.4%
Fritz Kreisler
21.4%
Ottorino Respighi
21.4%
Kurt Weill
21.4%
Pietro Mascagni
14.3%
Alexander Glazunov
14.3%
Ferde Grofé
14.3%
Quiz Playlist
Details
Report
Send in Message
Add To Playlist
Slideshow:
Type answers based on single images at one time
Last Updated: Feb 5, 2018
Quiz Scoreboard
CHALLENGE
Sign Up to Join the Scoreboard
Show All
Scores
Hide
Comments
May contain spoilers
Recently Published
An Introduction to Baseball
by treessimontrees
Sports
5m
Movies - When Are They Set?
by FPL_Elf
Movies
5m
Popular People in 1961
by mucciniale
History
6m
More to Explore
Quiz From the Vault
Featured Blog Post
Where Did the Easter Bunny Come From?
hide this ad
You Might Also Like...
Tags
Era Composers
Today's Top Quizzes in Music
Browse Music
hide this ad
Today's Top Quizzes in Era Composers
Browse Era Composers
Top Contributed Quizzes in Music
1
Taylor Swift All Songs (2024)
2
Guess the Artist- 70s Songs
3
KPOP LOGIC QUIZ
4
One Thing in Common: Music
5
2010s Album by Cover III
6
Guess the Taylor Swift song (Mystery Song)
7
Taylor Swift Logic Puzzle
8
2010s Album by Cover IV
9
2010s Album by Cover V
10
Kpop Logic Quiz
Explore More
Trending Topics
Crossword
Harry Potter
Marvel
Disney
Anime
NBA
Kpop
The Office
Pokémon
Puzzle
WWE
Soccer
Song
Country
NFL
hide this ad
More By:
musicalfun
Quiz
Plays
Rating
Category
Featured
Created
Blue's Clues Season 1
1,489
Television
May 11, 2016
Blue's Clues Season 3
999
Miscellaneous
Nov 20, 2016
Blue's Clues Season 2
879
Miscellaneous
Nov 19, 2016
Blue's Clues Season 5
733
Miscellaneous
Nov 27, 2016
Blue's Clues Season 4
663
Miscellaneous
Nov 20, 2016
Go to Creator's Profile
Score Distribution
Quiz Creator Spotlight
musicalfun
Follow
Send a Message
Quizzes Created
-
Created Quiz Play Count
-
More By This Creator
Popular Quizzes Today
1
Find the Countries of Europe - No Outlines Minefield
2
Find the US States - No Outlines Minefield
3
The Countries of the World
4
Popular People in 1961
5
US States
6
Find the US States
7
1-10 Letter E Words III
8
Risky Map Clicking: Biggest States A-Z
More Music Quizzes
GTA Vice City Radio Songs by Clip
Curator's Pick
Trending Quizzes
Risky Map Clicking: Least Populous States A-Z
1-10 Letter F Words
1-10 Letter G Words
One Thing in Common: United Kingdom
Risky Map Clicking: Next State Alphabetically
Recently Updated
Leaping Animals
pecheneg
Reality TV Shows (A-Z)
bhenderson79
Rickey Henderson's Hall of Fame Teammates
pecheneg
Champions League XIs: Arsenal
pecheneg
Quick Pick: Celebrities in WWE's Hall of Fame
aduchscher
A-Z Keypad Blitz II
pecheneg
Multiple Oscar Actors
pecheneg
Mystery Phrase Blitz: Oscar 'Best Actors'
pecheneg
F. Scott Fitzgerald Novels
LTH
Pick 3 Villains
ddd62291
Trending Topics
Marvel
Anime
Crossword
NBA
Harry Potter
Kpop
Disney
Country
NFL
Pokémon
Puzzle
Song
Soccer
WWE
The Office
Your Account Isn't Verified!
In order to create a playlist on Sporcle, you need to verify the email address you used during registration. Go to your
Sporcle Settings
to finish the process.
Report this User
Report this user for behavior that violates our
Community Guidelines
.
Details:
Send Report
Go to the Sporcle.com Mobile Site →
Comments